dates de faluches alsaciennes dans l'ordre - Statistiques

Statistiques générales
  • Ce quiz a été pris 50 fois
  • Le résultat moyen est 13 sur 20
Statistiques - réponses
Hint Réponse % Correct
La délégation arrive à Bologne. 10 juin 1888
80%
Les étudiants français, distingués par leur simplicité et solennité en robes noires ornées de cocardes, participent à une grande parade commémorative du VIIIe centenaire, adoptant ensuite la coiffe des étudiants bolonais. 12 juin 1888
80%
Centenaire de la Faluche à Reims. Une première révision du code national est faite,
avec l’ajout au code des particularités montpelliéraines. A partir de là, les étudiants se
retrouvent tous les ans dans une ville différente pour célébrer l’anniversaire de la
Faluche.
25 et 26 juin 1988
80%
après l’arrivée des autorités nazies en Zone Libre, une rafle est organisée en réponse à une série d'attentats contre les forces d'occupation. Les Allemands ciblent le foyer universitaire des étudiants strasbourgeois, nommé “Gallia” en hommage à Strasbourg, arrêtant et déportant 37 étudiants. La traque contre les réseaux de la Résistance s’intensifie ensuite, facilitée par les révélations d’un résistant retourné, qui trahit de nombreux camarades. Vendredi 25 juin 1943
80%
C’est d’ailleurs de cette prédominance lilloise qu’apparaît la dénomination “Faluche”,
pour désigner le béret étudiant, qui n’avait alors pas de nom qui lui soit propre. En effet,
dans le patois local, faluche est synonyme de galette. Or il était courant en France que
béret et galette soient synonymes, d’où le nom de faluche dans leur patois pour le béret
des étudiants lillois.
1920-30
73%
les interdictions allemandes de port de
la faluche, et les pertes humaines dans les rangs étudiants, apparaît la nécessité de
retranscrire les règles orales, pour la pérennité des traditions. Ainsi, dès la fin de la
guerre, chaque ville construit son propre code.
Après-guerre
73%
Ouverture de l’Université de Strasbourg à Clermont-Ferrand. Seule la moitié des
étudiants inscrits avant la déclaration de guerre feront effectivement leur rentrée
Rentrée 1939
73%
Baptême de WhoParleurX 13 septembre 2019
67%
L’AGE de Paris officialise le béret de velours comme coiffe des étudiants + monôme Décembre 1888
67%
Au Quartier Latin apparaissent les premiers bérets violets (aux couleurs de
l'université), avec un galon coloré selon la discipline (jaune pour les lettres, rouge pour le
droit, grenat pour la médecine, vermillon pour les sciences et vert pour la pharmacie).
15 janvier 1889
60%
2ᵉ Congrès des Étudiants en Pharmacie, organisé à Nancy dans le cadre du 3ᵉ Congrès de l'UNEF, des étudiants venus de toute la France, rejoints par des délégations de Belgique et d'Alsace-Lorraine (alors sous administration allemande), participent aux débats. L'Association des Pharmaciens d'Alsace-Lorraine (H2S) adopte à cette occasion le béret à rubans verts porté par leurs camarades français, en signe de ralliement aux idées françaises. Ce symbole de francophilie se répand ensuite parmi les étudiants alsaciens et les membres actifs du Cercle Alsacien-Lorrain. Du 20 au Mardi 25 mai 1909
60%
VIème centenaire de l'Université de Montpellier. Du 22 au 25 mai 1890
60%
une période charnière dans l'histoire de la Faluche. En effet, la
révolution va conduire au rejet en masse de la coiffe traditionnelle
estudiantine. Jusqu’alors, les études étaient principalement réservées à un public
bourgeois, et la Faluche, par conséquent, y était associée.
Mai 1968
60%
Dissolution de l'AFA(Amicale des Faluchards) 12 juin 2022
53%
Thèse de Guy Daniel 1990
53%
Mémoire de Manuel SEGURA 1994
53%
Après la signature de l’armistice et l’annexion de l’Alsace-Moselle, les autorités
allemandes incitent les Alsaciens à retrouver leurs foyers.
22 juin 1940
53%
Inauguration de la Sorbonne (rassemblant notamment 218 étudiants de province). Du 05 au 12 août 1889
53%
nombre d’étudiants ont péri sous l’uniforme
français comme allemand, il est aisé de comprendre que les traditions sont moins
suivies. En effet, les anciens ne sont plus forcément là pour les transmettre aux
nouveaux étudiants.
1914 a 1918
47%
La double université de Strasbourg/Clermont-Ferrand, marquée par la séparation des familles et le mal du pays, voit certains revenir à Strasbourg, tandis que d'autres choisissent de rester en Zone Libre. Cette période renforce les idées franco-faluchardes, faisant de la Faluche un symbole de rattachement à la France libre et de refus de l'annexion allemande. Par son rôle dans la cohabitation de divers réseaux, cette université devient un berceau de la Résistance Française et une véritable épine dans le pied du IIIᵉ Reich. Juillet 1940
47%
Aucun quiz correspondant
Distribution des résultats
% des personnes avec chaque résultat
Percentile par nombre de réponses
Votre historique - résultats
Vous n’avez pas pris ce quiz